000 00577nam a2200193Ia 4500
003 GCL
008 140319s9999 xx 000 0 ara d
040 _aGCL /
_cGCL
082 0 4 _aم
_b610.3
_bا م
100 1 _aايرنج، تشارلز و .
245 1 0 _aالموسوعة الطبية الحديثة /
_cايرنج، تشارلز و .
700 1 _aبومجارتنر، ليونا
700 1 _aبرينارد، هنرى
300 _aمتعدد
490 _aالالف كتاب
_v0
650 0 4 _aدوائر المعارف
650 0 4 _aالطب
942 _2ddc
_cBK
999 _c43705
_d43705